Di truyền học
Sách đề cập đến những thành tựu phát triển mới nhất của di truyền học qua các cấp độ phân tử, tế bào, cơ thể, quần thể
Gardado en:
| Autor Principal: | |
|---|---|
| Formato: | Libro |
| Idioma: | Undetermined |
| Publicado: |
Hà Nội
Giáo Dục
1995
|
| Những chủ đề: | |
| Các nhãn: |
Engadir etiqueta
Sen Etiquetas, Sexa o primeiro en etiquetar este rexistro!
|
| Thư viện lưu trữ: | Trung tâm Học liệu Trường Đại học Cần Thơ |
|---|
| LEADER | 00655nam a2200181Ia 4500 | ||
|---|---|---|---|
| 001 | CTU_22501 | ||
| 008 | 210402s9999 xx 000 0 und d | ||
| 082 | |a 576.5 | ||
| 082 | |b C978 | ||
| 100 | |a Helena Curtis | ||
| 245 | 0 | |a Di truyền học | |
| 245 | 0 | |c Helena Curtis | |
| 260 | |a Hà Nội | ||
| 260 | |b Giáo Dục | ||
| 260 | |c 1995 | ||
| 520 | |a Sách đề cập đến những thành tựu phát triển mới nhất của di truyền học qua các cấp độ phân tử, tế bào, cơ thể, quần thể | ||
| 650 | |a biology,genetics | ||
| 980 | |a Trung tâm Học liệu Trường Đại học Cần Thơ | ||